000 00538nam a2200181 4500
001 113740
003 ES-MaACL
005 20230906190008.0
007 t|
008 061121s1969 mx r ||||1| spa d
100 1 _aPacheco, José Emilio.
_988124
245 1 0 _aNo me pregunte cómo pasa el tiempo (Poemas, 1964-1968) /
_cJosé Emilio Pacheco.
250 _a[1ª ed.].
260 _aMéxico :
_bJoaquín Mortiz,
_c1969.
300 _a122 p. ;
_c22 cm.
852 _aES-MaACL
_jA-5635
_bR.93792
852 _aES-MaACL
_jE-9242
_bR.93974
999 _c113740
_d113740